Rana tharu (Record no. 5529)
[ view plain ]
| 000 -LEADER | |
|---|---|
| fixed length control field | 00558nam a22001817a 4500 |
| 005 - DATE AND TIME OF LATEST TRANSACTION | |
| control field | 20250519130430.0 |
| 008 - FIXED-LENGTH DATA ELEMENTS--GENERAL INFORMATION | |
| fixed length control field | 250519b |||||||| |||| 00| 0 eng d |
| 040 ## - CATALOGING SOURCE | |
| Transcribing agency | DepED Dasmarinas City |
| 245 ## - TITLE STATEMENT | |
| Title | Rana tharu |
| 250 ## - EDITION | |
| Edition statement | September 2000 Vol. 198 No. 3 |
| 490 ## - SERIES STATEMENT | |
| SERIES STATEMENT | National Geographic |
| 520 ## - SUMMARY, ETC. | |
| Summary, etc. | The Unbeatable Body, The Way West, Lost Tombs of Peru, Rana Tharu Women, The rise of Life on Earth, In Search of the Clouded Leopard, Montone, Texas |
| 650 ## - SUBJECT ADDED ENTRY--TOPICAL TERM | |
| General subdivision | TOMBS |
| 650 ## - SUBJECT ADDED ENTRY--TOPICAL TERM | |
| General subdivision | NEPALESE |
| 650 ## - SUBJECT ADDED ENTRY--TOPICAL TERM | |
| General subdivision | PERMIAN EXTINCTION |
| 650 ## - SUBJECT ADDED ENTRY--TOPICAL TERM | |
| General subdivision | LEOPARD |
| 942 ## - ADDED ENTRY ELEMENTS (KOHA) | |
| Source of classification or shelving scheme | Dewey Decimal Classification |
| Koha item type | Continuing Resources |
| 999 ## - | |
| -- | 5529 |
| -- | 5529 |
| Homebranch | current branch | Barcode |
|---|---|---|
| DepED Dasmarinas City | DepED Dasmarinas City | DSMSR092000-055 |
